Statistics for Funny / Weird Geography Facts

Click here to take the quiz!

General Stats

  • This quiz has been taken 489 times
  • The average score is 11 of 30

Answer Stats

DescriptionAnswer% Correct
Which four countries were bigger than Pluto?Russian Empire
82%
Does Equatorial Guinea touch the Equator?No
78%
Which is the westernmost and easternmost U.S. state?Alaska
77%
More than 60% of the world's lakes are in this countryCanada
75%
Which state has its westernmost point further west, Virginia or West Virginia?Virginia
62%
Which four countries were bigger than Pluto?British Empire
60%
Which two cities have the biggest Polish population?Warsaw
58%
The motto of the United Kingdom is written in which language?French
55%
Which country has 3,500-mile long rabbit-proof fence?Australia
53%
Which U.S. state is closest to Africa?Maine
53%
Which four countries were bigger than Pluto?Mongol Empire
46%
What's the national animal of Scotland?Unicorn
43%
In which country might you find Taumatawhakatangihangakoauauotamateaturipukakapikimaungahoronukupokaiwhenuakitanatahu?New Zealand
42%
What country had an exclave inside an exclave inside an exclave until 2015?India
41%
How many bridges can you use to cross the mighty Amazon River?Zero
39%
What's the official name of the Republic of Ireland?Ireland
35%
Which country has the most Azerbaijanis?Iran
31%
Which four countries were bigger than Pluto?Soviet Union
22%
Which two cities have the biggest Polish population?Chicago
17%
What country has an island in a lake on an island in a lake on an island?Philippines
17%
What's the biggest country that doesn't have a capital officially?Switzerland
15%
Which type of mayor had the city of Talkeetna until 2017?a Feline Mayor
14%
The only carbon-sink country (more CO2 is absorbed than produced)Bhutan
13%
The only sea without a land borderSargasso Sea
12%
Which New Mexico city is commonly known as 'T or C'?Truth or Consequences
12%
Which mountain is closest to the moon?Mount Chimborazo
10%
The highest point in this country is called Mount ObamaAntigua and Barbuda
9%
Which country is currently building a new capital called 'Oyala'?Equatorial Guinea
8%
Which two cities fight against each other in the 'Biscuit War'?São Paulo
3%
Which two cities fight against each other in the 'Biscuit War'?Rio de Janeiro
2%

Score Distribution

Percentile by Number Answered

Percent of People with Each Score

Your Score History

You have not taken this quiz